Nueva legislación Universitaria Chilena.
Na minha lista:
| Autor Corporativo: | |
|---|---|
| Formato: | Livro |
| Idioma: | inglês |
| Publicado em: |
Santiago, Chile:
Secretaría General; Consejo de Rectores de las Universidades Chilenas.
1981 .
|
| Assuntos: | |
| Tags: |
Adicionar Tag
Sem tags, seja o primeiro a adicionar uma tag!
|
MARC
| LEADER | 00000nam a22000007a 4500 | ||
|---|---|---|---|
| 003 | CL-VaPUC | ||
| 005 | 20220822114423.0 | ||
| 008 | 220224s1981 ||||| |||| 00| 0 eng d | ||
| 999 | |c 434536 |d 434534 | ||
| 040 | |c Pontificia Universidad Católica de Valparaíso | ||
| 082 | 7 | |a 344.83074 CON 1981 |2 22 | |
| 110 | |a Consejo de Rectores de las Universidades Chilenas. Secretaría General. |9 866506 |e autor | ||
| 245 | |a Nueva legislación Universitaria Chilena. | ||
| 260 | |a Santiago, Chile: |b Secretaría General; |b Consejo de Rectores de las Universidades Chilenas. |c 1981 . | ||
| 300 | |a 129 páginas. | ||
| 500 | |a c.1 Donación Familia Prof. Alejandro Guzmán Brito. | ||
| 583 | |c 20220224 |k Yessy Stephany Diaz Vidal | ||
| 650 | |a Universidades |x Derecho y legislación |z Chile |9 873535 | ||
| 942 | |2 ddc |c BK |n 0 | ||
| 952 | |0 0 |1 0 |2 ddc |4 0 |6 344_830740000000000_CON_1981 |7 0 |8 C_AGB |9 581472 |a BIBDER |b BIBDER |d 2022-02-24 |e Donación |i 564786K |o 344.83074 CON 1981 |p 564786K |r 2023-01-25 |t 1 |w 2022-02-24 |y BK_US |k AGB | ||